| 000 | 00415nam a2200157Ia 4500 | ||
|---|---|---|---|
| 003 | GCL | ||
| 008 | 140319s9999 xx 000 0 eng d | ||
| 040 |
_aGCL / _cGCL |
||
| 082 | 0 | 4 |
_a745.4 _bW P |
| 100 | 1 | _aWONG, WUCIUS | |
| 245 | 1 | 0 |
_aPRINCIPLES OF FORM AND DESIGN / _cWONG, WUCIUS |
| 260 |
_a[S.N] : _bVAN NOSTRAND REINHOLD ، _c1993 |
||
| 300 | _a352 P | ||
| 650 | 0 | 4 | _aCOMPUTER - AIDED DESIGN |
| 942 |
_2ddc _cBK |
||
| 999 |
_c22385 _d22385 |
||